Sustainable soil management /

Guardado en:
Otros Autores: Rooney, Deirdre
Formato: Libro
Idioma:English
Publicado: Point Pleasant, N.J. : London : Apple Academic ; Taylor & Francis [distributor], 2013.
Materias:
Acceso en línea:Tabla de contenidos
Etiquetas: Agregar Etiqueta
Sin Etiquetas, Sea el primero en etiquetar este registro!
LEADER 00813cam a22002175a 4500
001 EEA.libagro010404
005 20170915114041.0
008 121017s2013####njua#####b####001#0#eng##
010 |a  2012951954 
020 |a 9781926895215 (tapa dura) 
020 |a 1926895215 
082 0 4 |a 631.4 
245 0 0 |a Sustainable soil management /  |c edited by Deirdre Rooney. 
260 |a Point Pleasant, N.J. :  |b Apple Academic ;  |a London :  |b Taylor & Francis [distributor],  |c 2013. 
300 |a xvii, 225 p. :  |b il. ;  |c 24 cm. 
504 |a Incluye referencias bibliográficas e índice. 
650 0 |a Soil management. 
650 0 |a Sustainability. 
700 1 |a Rooney, Deirdre  |q (Deirdre C.). 
856 |u https://www.crcpress.com/product/isbn/9781926895215  |3 Tabla de contenidos 
859 |a AR-BbBCA  |b BIB. AGRONOMIA  |h 631.4  |i R674  |p 2015/6530